000 00291nam a22001337a 4500
008 181011b xxu||||| |||| 00| 0 eng d
020 _a9781604067453
041 _aeng
080 _22nd
_a611
100 _a6
101 _aANA
245 _aAtlas of Anatomy
_cGilroy,A.M
942 _2udc
_cBK
999 _c49410
_d49410